| 000 | 00445nam a2200145Ia 4500 | ||
|---|---|---|---|
| 005 | 20250429172820.0 | ||
| 008 | 231217s9999 xx 000 0 und d | ||
| 020 | _a9781591409090 | ||
| 100 | _aWalters, Bruce A. Iang, Zaiyong. | ||
| 245 | 0 | _aIT-enabled strategic management : increasing returns for the organisation | |
| 260 |
_c2006 _bIdea Group _aUSA |
||
| 300 | _ax+328 | ||
| 650 | _a@,bank,India,e-banking,India,,backgraound | ||
| 942 | _cAA | ||
| 999 |
_c182833 _d182833 |
||